000 00716cab a2200253 4500
001 WB3312-13
008 090401t1997 xxu||||| |||| 00| 0 eng d
035 _a(Sirsi) u77219
041 _aeng
245 _aTube sites targeted
260 _c1997
350 _a0
490 _aProperty Week
_v58(10) 14 March 1997, 8(1)
520 _aIf government plans to privatise the network go ahead, offices or car parks could be built over London underground stations.
650 _aAIR SPACE
650 _aCAR PARKS
650 _aLONDON UNDERGROUND
650 _aOFFICES
650 _aPRIVATISATION
650 _aROAD PRICING
690 _aPROPERTY-PROPERTY DEVELOPMENT
942 _n0
948 _c19/03/1997
999 _c48540
_d48540